<?xml version="1.0" encoding="UTF-8"?>
<record
    xmlns:xsi="http://www.w3.org/2001/XMLSchema-instance"
    xsi:schemaLocation="http://www.loc.gov/MARC21/slim http://www.loc.gov/standards/marcxml/schema/MARC21slim.xsd"
    xmlns="http://www.loc.gov/MARC21/slim">

  <leader>01183nam0a22002651  4500</leader>
  <controlfield tag="001">rc\2970363</controlfield>
  <controlfield tag="005">20250530001107.0</controlfield>
  <datafield tag="035" ind1=" " ind2=" ">
    <subfield code="a">(NLR Aleph) 007116522</subfield>
  </datafield>
  <datafield tag="090" ind1=" " ind2=" ">
    <subfield code="a">6820021</subfield>
    <subfield code="c">6820021</subfield>
  </datafield>
  <datafield tag="100" ind1=" " ind2=" ">
    <subfield code="a">20110907d1937    |||y0rusy50      ca</subfield>
  </datafield>
  <datafield tag="101" ind1="0" ind2=" ">
    <subfield code="a">rus</subfield>
  </datafield>
  <datafield tag="102" ind1=" " ind2=" ">
    <subfield code="a">RU</subfield>
  </datafield>
  <datafield tag="105" ind1=" " ind2=" ">
    <subfield code="a">y   z   |||||</subfield>
  </datafield>
  <datafield tag="200" ind1="1" ind2=" ">
    <subfield code="a">&#x41F;&#x443;&#x442;&#x438; &#x438; &#x437;&#x430;&#x434;&#x430;&#x447;&#x438; &#x442;&#x43E;&#x43A;&#x441;&#x438;&#x43A;&#x43E;&#x43B;&#x43E;&#x433;&#x438;&#x438; &#x438; &#x444;&#x430;&#x440;&#x43C;&#x430;&#x43A;&#x43E;&#x43B;&#x43E;&#x433;&#x438;&#x438;</subfield>
    <subfield code="f">&#x41F;&#x440;&#x43E;&#x444;. &#x412;.&#x41C;. &#x41A;&#x430;&#x440;&#x430;&#x441;&#x438;&#x43A;. &#x418;&#x437; &#x41A;&#x430;&#x444;&#x435;&#x434;&#x440;&#x44B; &#x442;&#x43E;&#x43A;&#x441;&#x438;&#x43A;&#x43E;&#x43B;&#x43E;&#x433;&#x438;&#x438; &#x41F;&#x435;&#x440;&#x432;&#x43E;&#x433;&#x43E; &#x41B;&#x435;&#x43D;&#x438;&#x43D;&#x433;&#x440;. &#x43C;&#x435;&#x434;. &#x438;&#x43D;-&#x442;&#x430; &#x438;&#x43C;. &#x430;&#x43A;&#x430;&#x434;. &#x418;.&#x41F;. &#x41F;&#x430;&#x432;&#x43B;&#x43E;&#x432;&#x430; &#x438; &#x41A;&#x430;&#x444;&#x435;&#x434;&#x440;&#x44B; &#x444;&#x430;&#x440;&#x43C;&#x430;&#x43A;&#x43E;&#x43B;&#x43E;&#x433;&#x438;&#x438; &#x41B;&#x435;&#x43D;&#x438;&#x43D;&#x433;&#x440;. &#x43F;&#x435;&#x434;&#x438;&#x430;&#x442;&#x440;. &#x438;&#x43D;-&#x442;&#x430;</subfield>
  </datafield>
  <datafield tag="210" ind1=" " ind2=" ">
    <subfield code="a">&#x41B;&#x435;&#x43D;&#x438;&#x43D;&#x433;&#x440;&#x430;&#x434;</subfield>
    <subfield code="c">&#x411;. &#x438;.</subfield>
    <subfield code="d">[1937]</subfield>
    <subfield code="g">&#x422;&#x438;&#x43F;. "&#x41A;&#x43E;&#x43C;&#x438;&#x43D;&#x442;&#x435;&#x440;&#x43D;"</subfield>
  </datafield>
  <datafield tag="215" ind1=" " ind2=" ">
    <subfield code="a">&#x421;. 7-36 [1] &#x441;.</subfield>
    <subfield code="d">15 &#x441;&#x43C;</subfield>
  </datafield>
  <datafield tag="300" ind1=" " ind2=" ">
    <subfield code="a">&#x411;&#x435;&#x437; &#x442;&#x438;&#x442;. &#x43B;. &#x438; &#x43E;&#x431;&#x43B;.</subfield>
  </datafield>
  <datafield tag="300" ind1=" " ind2=" ">
    <subfield code="a">"&#x41E;&#x442;&#x434;. &#x43E;&#x442;&#x442;. &#x438;&#x437; &#x421;&#x43E;&#x432;. &#x432;&#x440;&#x430;&#x447;&#x435;&#x431;&#x43D;&#x43E;&#x439; &#x436;&#x443;&#x440;&#x43D;., &#x2116; 24, 1937</subfield>
  </datafield>
  <datafield tag="700" ind1=" " ind2="1">
    <subfield code="a">&#x41A;&#x430;&#x440;&#x430;&#x441;&#x438;&#x43A;</subfield>
    <subfield code="b">&#x412;. &#x41C;.</subfield>
    <subfield code="c">&#x434;-&#x440; &#x43C;&#x435;&#x434;. &#x43D;&#x430;&#x443;&#x43A;</subfield>
    <subfield code="f">1894-1964</subfield>
    <subfield code="g">&#x412;&#x43B;&#x430;&#x434;&#x438;&#x43C;&#x438;&#x440; &#x41C;&#x43E;&#x438;&#x441;&#x435;&#x435;&#x432;&#x438;&#x447;</subfield>
    <subfield code="9">227283</subfield>
    <subfield code="3">RU\NLR\AUTH\770227339</subfield>
  </datafield>
  <datafield tag="801" ind1=" " ind2="0">
    <subfield code="a">RU</subfield>
    <subfield code="b">NLR</subfield>
    <subfield code="g">psbo</subfield>
  </datafield>
  <datafield tag="801" ind1=" " ind2="1">
    <subfield code="a">RU</subfield>
    <subfield code="b">ELAR</subfield>
    <subfield code="2">rusmarc</subfield>
  </datafield>
  <datafield tag="852" ind1=" " ind2=" ">
    <subfield code="a">NLR</subfield>
    <subfield code="j">&#x41C;&#x434;16 &#x412;-2/4</subfield>
  </datafield>
  <datafield tag="942" ind1=" " ind2=" ">
    <subfield code="c">BOOK</subfield>
  </datafield>
  <datafield tag="980" ind1=" " ind2=" ">
    <subfield code="a">NB</subfield>
  </datafield>
  <datafield tag="995" ind1=" " ind2=" ">
    <subfield code="5">2013-10-26</subfield>
    <subfield code="b">NLR02</subfield>
    <subfield code="c">NLR02</subfield>
    <subfield code="e">RFS</subfield>
    <subfield code="f">7116522-10</subfield>
    <subfield code="k">&#x41C;&#x434;16 &#x412;-2/4</subfield>
    <subfield code="o">0</subfield>
    <subfield code="r">BOOK</subfield>
    <subfield code="s">16_24</subfield>
  </datafield>
</record>
